Квиз о Викинзима - Statistics

General Stats
  • This quiz has been taken 62 times
    54 since last reset
  • The average score is 8 of 20
Answer Stats
Траг Одговор % Correct
Бог грома Тор
74%
Острвска нација коју су населили Викинзи 874. Исланд
72%
Бог са једним оком и дугом брадом Один
69%
Израз за епску викиншку причу Сага
67%
Величанствена дворана у тој земљи где се одводе они који погину у борби Валхала
59%
Бог преваре који може да мења облик Локи
56%
Истраживач који је био први Европљанин који је населио Гренланд Ерик {Црвени}
46%
Викинзи који су се населили у Француској, а који ће освојити Енглеску 1066. Нормани
44%
Викиншка верзија апокалипсе Рагнарок
41%
Женска бића која доводе ратнике у ову дворану Валкире
41%
Словенски град на реци Дњепар који су освојили Викинзи Кијев
36%
Викиншки брод Дракар
26%
Источно царство које је унајмљивало Викинге за своју елитну „Варјашку гарду“ {Византијско} царство
23%
Његов син који се настанио у Канади {Лејф} Ериксон
21%
Алкохолно пиће направљено од ферментисаног меда Медовина
21%
Земља богова у викиншкој митологији Асгард
21%
Име његовог насеља у Канади Винланд
18%
Језик Викинга Старо{нордијски}
18%
Издигнути камени монумент исписан уклесаним писмом или сликама {Рунски} камен
18%
Краљ који је владао Норвешком, Данском и Енглеском {Кнут} Велики
13%
No matching quizzes found
Score Distribution
Percent of People with Each Score
Percentile by Number Answered
Your Score History
You have not taken this quiz since the last reset